000 00293nam a2200121Ia 4500
008 191201s2013 xx 000 0 und d
100 _aHALL, Allen S
245 0 _aMachine Design Schaum's Outlines
260 _aN. Delhi
_bTMH
_c2013
300 _aMisc
650 _aB.Tech(ME)
942 _2ddc
_cBK
999 _c6122
_d6122